All Olly Murs Songs - Statistics

General Stats
  • This quiz has been taken 12 times
  • The average score is 39 of 113
Answer Stats
Answer % Correct
Right Place Right Time Troublemaker (ft Flo Rida)
91%
Never Been Better Up (ft Demi Lovato)
82%
In Case You Didn't Know Dance With Me Tonight
73%
In Case You Didn't Know Dance With Me Tonight (Acoustic Version) (iTunes Deluxe Bonus Track)
73%
In Case You Didn't Know Heart Skips A Beat (Acoustic Version) (iTunes Deluxe Bonus Track
73%
Right Place Right Time Heart Skips A Beat (ft Chiddy Bang) (US Version)
73%
In Case You Didn't Know Heart Skips A Beat (ft Rizzle Kicks)
73%
Right Place Right Time Right Place Right Time
73%
Right Place Right Time Army Of Two
64%
Olly Murs Busy
64%
Right Place Right Time Dear Darlin
64%
24 Hrs Grow Up
64%
Never Been Better Never Been Better
64%
Never Been Better Wrapped Up (ft Travie McCoy)
64%
Never Been Better Beautiful To Me
55%
In Case You Didn't Know In Case You Didn't Know
55%
In Case You Didn't Know On My Cloud
55%
Never Been Better Seasons
55%
24 Hrs Unpredictable
55%
Right Place Right Time What A Buzz
55%
24 Hrs You Don't Know Love
55%
Right Place Right Time Hey You Beautiful
45%
Olly Murs I Blame Hollywood
45%
Marry Me Marry Me
45%
You Know I Know Moves (ft Snoop Dogg)
45%
Right Place Right Time Personal
45%
Never Been Better Stevie Knows
45%
Olly Murs Thinking Of Me
45%
You Know I Know You Know I Know (ft Shaggy)
45%
24 Hrs 24 Hrs
36%
In Case You Didn't Know Anywhere Else
36%
Right Place Right Time Cry Your Heart Out
36%
24 Hrs Deeper
36%
Never Been Better Did You Miss Me?
36%
You Know I Know Excuses
36%
24 Hrs Flaws
36%
Right Place Right Time Head To Toe
36%
Olly Murs Heart On My Sleeve
36%
Never Been Better Hope You Got What You Came For
36%
In Case You Didn't Know I'm OK
36%
24 Hrs Love You More
36%
You Know I Know Maria
36%
Never Been Better Nothing Without You
36%
Olly Murs Please Don't Let Me Go
36%
24 Hrs Private
36%
Right Place Right Time: Deluxe Edition Sliding Doors
36%
In Case You Didn't Know Tell The World
36%
In Case You Didn't Know This Song Is About You
36%
Never Been Better Tomorrow
36%
Olly Murs Accidental
27%
Olly Murs A Million More Years
27%
24 Hrs Back Around
27%
24 Hrs: Deluxe Edition Before You Go
27%
Marry Me Best Night Of Your Life
27%
24 Hrs Better Than Me
27%
24 Hrs: Deluxe Edition Better Without You
27%
Never Been Better Can't Say No
27%
Olly Murs Change Is Gonna Come
27%
Marry Me Dancing On Cars
27%
Olly Murs Don't Say Goodbye
27%
You Know I Know Feel The Same
27%
You Know I Know: Deluxe Edition Footsteps
27%
Right Place Right Time Hand On Heart
27%
Never Been Better: Deluxe Edition History
27%
Olly Murs Hold On
27%
24 Hrs: Deluxe Edition How Much For Your Love
27%
In Case You Didn't Know I Don't Love You Too
27%
Marry Me I Hate You When You're Drunk
27%
In Case You Didn't Know I Need You Now
27%
In Case You Didn't Know I've Tried Everything
27%
In Case You Didn't Know Just Smile
27%
Never Been Better Let Me In
27%
Marry Me Let Me Just Say
27%
Right Place Right Time Loud & Clear
27%
Olly Murs Love Shine Down (ft Jessie J)
27%
You Know I Know: Deluxe Edition Love You Better
27%
In Case You Didn't Know Oh My Goodness
27%
Right Place Right Time: Deluxe Edition Perfect Night (To Say Goodbye)
27%
24 Hrs Read My Mind
27%
Right Place Right Time: Deluxe Edition Runaway
27%
Never Been Better Stick With Me
27%
24 Hrs: Deluxe Edition That Girl
27%
Right Place Right Time: Deluxe Edition The One
27%
Never Been Better: Deluxe Edition Us Against The World
27%
Never Been Better: Deluxe Edition We Still Love
27%
Never Been Better Why Do I Love You
27%
24 Hrs Years & Years
27%
Marry Me 25
18%
Never Been Better: Deluxe Edition Alone Tonight (Mediamarket Bonus Track)
18%
Olly Murs Ask Me To Stay
18%
Marry Me Die Of A Broken Heart
18%
Marry Me Do Me Like That
18%
Marry Me Don't Stop Dancing
18%
Band Aid 30 Do They Know It's Christmas?
18%
Marry Me Go Ghost
18%
You Know I Know Go Hard
18%
Marry Me I Found Her
18%
Classified Inner Ninja (Classifed ft Olly Murs)
18%
Swings Both Ways I Wanna Be Like You (Robbie Williams ft Olly Murs)
18%
You Know I Know Love Me Again
18%
You Know I Know Mark On My Heart
18%
Right Place Right Time One Of These Days
18%
Never Been Better: Deluxe Edition Ready For Love
18%
Single Save Me
18%
You Know I Know Somebody New
18%
You Know I Know Take Your Love
18%
You Know I Know Talking To Yourself
18%
B-Side This One's For The Girls
18%
Non-Album Single You Are Not Alone
18%
You Know I Know Younger
18%
This Is Christmas: Soundtrack Coming Off The Snow (The Miracle Of Christmas)
9%
Unwrapped EP I Wish It Could Be Christmas Everyday (Live)
9%
Collaboration More Mess (Kungs ft Olly Murs & Coely)
9%
No matching quizzes found
Score Distribution
Percent of People with Each Score
Percentile by Number Answered
Your Score History
You have not taken this quiz